Zákon o miestnom poplatku za rozvoj účinný od 30. novembra 2019
Novelizácia zákona č. 379/2019 Z.z. o miestnom poplatku za rozvoj a o zmene a doplnení niektorých zákonov. Reakcia na požiadavky aplikačnej praxe a na podnety miest a obcí. Poukázanie na rozdielny výklad.
Salvato in:
| Autore principale: | |
|---|---|
| Natura: | Capitolo di libro |
| Lingua: | slovacco |
| Soggetti: | |
| Tags: |
Nessun Tag, puoi essere il primo ad aggiungerne!!
|
MARC
| LEADER | 00000naa a2200000 4500 | ||
|---|---|---|---|
| 001 | 0260855 | ||
| 005 | 20200109142428.3 | ||
| 041 | 0 | |a slo | |
| 044 | |a SK | ||
| 245 | 1 | 0 | |a Zákon o miestnom poplatku za rozvoj účinný od 30. novembra 2019 |c Anton Ukropec |
| 520 | |a Novelizácia zákona č. 379/2019 Z.z. o miestnom poplatku za rozvoj a o zmene a doplnení niektorých zákonov. Reakcia na požiadavky aplikačnej praxe a na podnety miest a obcí. Poukázanie na rozdielny výklad. | ||
| 610 | 2 | 0 | |a legislatíva |
| 610 | 2 | 0 | |a obce |
| 610 | 2 | 0 | |a rozvoj územný |
| 610 | 2 | 0 | |a poplatky |
| 610 | 2 | 0 | |a mestá |
| 610 | 2 | 0 | |a novelizácia |
| 610 | 2 | 0 | |a stavby |
| 100 | 1 | |a Ukropec, Anton | |